000 01083nam a2200157 4500
999 _c119
_d119
020 _a9780809224913
050 _aSB43
_b.R67 ROS
100 _aRose, Nancy
_aSelinger, Don
_aWhitman, John
245 _aGrowing shrubs and small trees in cold climates
_cNancy Rose, Don Selinger, and John Whitman.
260 _aLincolnwood (Chicago), Ill. :
_bContemporary Books,
_c2001.
300 _a xvi, 431 pages :
_bcolor illustrations, color map ;
_c28 cm
500 _aINCLUDES INDEX
505 _a pt. I. The Most Popular Shrubs and Small Trees. 1. Individual Listings -- pt. II. The Basics of Growing Shrubs and Small Trees. 2. Selecting Shrubs and Small Trees. 3. Selecting and Preparing a Site. 4. Preparing the Planting Hole. 5. Planting Shrubs and Small Trees. 6. Transplanting. 7. Caring for Shrubs and Small Trees. 8. Solving Problems. 9. Propagating Shrubs and Small Trees. 10. Special Uses for Shrubs and Small Trees. 11. Tools and Supplies.
650 _a Ornamental shrubs -- Snowbelt States.
_a Ornamental shrubs -- Canada.
_aOrnamental trees -- Snowbelt States.
942 _cBK